Statistics for Post Malone Charting Songs (Billboard Hot Rap / R&B)

Click here to take the quiz!

General Stats

  • This quiz has been taken 9 times
    (6 since last reset)
  • The average score is 20 of 44

Answer Stats

AlbumWeeks OnPeakArtist(s)Song% Correct
Stoney38 Weeks#5Post Malone ft. QuavoCongratulations
100%
Spider-Man: Into the Spider-Verse
and Hollywood's Bleeding
50 Weeks#1Post Malone & Swae LeeSunflower
100%
Beerbongs & Bentleys39 Weeks#2Post MaloneBetter Now
80%
Beerbongs & Bentleys26 Weeks#1Post Malone ft. Ty Dolla $ignPsycho
80%
Beerbongs & Bentleys29 Weeks#1Post Malone ft. 21 Savagerockstar
80%
Beerbongs & Bentleys14 Weeks#11Post Malone ft. Nicki MinajBall for Me
60%
Twelve Carat Toothache20 Weeks#5Post Malone ft. Roddy RicchCooped Up
60%
Hollywood's Bleeding5 Weeks#11Post Malone ft. Future & HalseyDie for Me
60%
Hollywood's Bleeding19 Weeks#9Post Malone ft. DaBabyEnemies
60%
Hollywood's Bleeding22 Weeks#2Post Malone ft. Young ThugGoodbyes
60%
Twelve Carat Toothache2 Weeks#8Post Malone ft. GunnaI Cannot Be (A Sadder Song)
60%
Stoney26 Weeks#9Post MaloneI Fall Apart
60%
Beerbongs & Bentleys3 Weeks#13Post Malone ft. G-Eazy & YGSame Bitches
60%
Beerbongs & Bentleys5 Weeks#10Post Malone ft. Swae LeeSpoil My Night
60%
Stoney26 Weeks#5Post MaloneWhite Iverson
60%
Hollywood's Bleeding33 Weeks#1Post MaloneWow.
60%
Beerbongs & Bentleys2 Weeks#26Post Malone92 Explorer
40%
Beerbongs & Bentleys21 Weeks#21Post MaloneCandy Paint
40%
Father of Asahd2 Weeks#23Post Malone ft. Travi$ Scott & Post MaloneCelebrate
40%
Stoney9 Weeks#25Post Malone ft. Justin BieberDeja Vu
40%
Changes2 Weeks#13Justin Bieber ft. Post Malone & CleverForever
40%
Hollywood's Bleeding2 Weeks#24Post MaloneI Know
40%
Twelve Carat Toothache2 Weeks#14Post MaloneInsane
40%
Beerbongs & Bentleys1 Week#45Post MaloneJonestown (Interlude)
40%
Non-Album Single10 Weeks#3Post MaloneMotley Crew
40%
Hollywood's Bleeding4 Weeks#13Post Malone ft. Meek Mill & Lil BabyOn the Road
40%
Beerbongs & Bentleys3 Weeks#16Post MaloneOver Now
40%
Beerbongs & Bentleys6 Weeks#7Post MaloneParanoid
40%
Featuring Ty Dolla $ign7 Weeks#18Ty Dolla $ign ft. Post MaloneSpicy
40%
Beerbongs & Bentleys3 Weeks#18Post MaloneTakin' Shots
40%
Detroit 28 Weeks#24Big Sean ft. Post MaloneWolves
40%
Beerbongs & Bentleys2 Weeks#30Post MaloneBlame It On Me
20%
Stoney20 Weeks#30Post MaloneGo Flex
20%
Khaled Khaled3 Weeks#17DJ Khaled ft. Post Malone, Megan Thee Stallion, Lil Baby & DaBabyI Did It
20%
Hollywood's Bleeding1 Week#25Post MaloneInternet
20%
Crazy1 Week#41Juice WRLD, Clever & Post MaloneLife's a Mess II
20%
Culture II5 Weeks#26Migos ft. Post MaloneNotice Me
20%
Beerbongs & Bentleys2 Weeks#29Post MaloneOtherside
20%
Beerbongs & Bentleys7 Weeks#9
Post Malone
Rich & Sad
20%
Hollywood's Bleeding7 Weeks#10Post MaloneSaint-Tropez
20%
Beerbongs & Bentleys1 Week#37Post MaloneSugar Wraith
20%
RAGERBØY3 Weeks#30Tyla Yaweh ft. Post MaloneTommy Lee
20%
Montana3 Weeks#33French Montana ft. Post Malone, Cardi B & RvssianWriting on the Wall
20%
Beerbongs & Bentleys3 Weeks#15Post MaloneZack and Codeine
20%

Score Distribution

Percentile by Number Answered

Percent of People with Each Score

Your Score History

You have not taken this quiz since the last reset